GEORGE RACER (Record no. 6357)
[ view plain ]
| 000 -LEADER | |
|---|---|
| fixed length control field | 00546nam a22001457a 4500 |
| 020 ## - INTERNATIONAL STANDARD BOOK NUMBER | |
| ISBN | 0-563-34770-8 |
| 082 ## - DEWEY DECIMAL CLASSIFICATION NUMBER | |
| Classification number | 823 |
| Item number | RUS/G |
| 100 ## - MAIN ENTRY--AUTHOR NAME | |
| Personal name | RUSSELL, CHRISTOPHER |
| 245 ## - TITLE STATEMENT | |
| Title | GEORGE RACER |
| 260 ## - PUBLICATION, DISTRIBUTION, ETC. (IMPRINT) | |
| Place of publication | LONDON |
| Name of publisher | BBC EDUCATIONAL PUBLISHING |
| Year of publication | 1990 |
| 300 ## - PHYSICAL DESCRIPTION | |
| Number of Pages | 128 |
| 520 ## - SUMMARY, ETC. | |
| Summary, etc | Storyline. When George hears about the annual soapbox derby, he enlists Allie to help him make the coolest car a monkey could drive. / George loves books and helping others, so volunteering to help the librarian is a no-brainer! |
| 650 ## - SUBJECT ADDED ENTRY--TOPICAL TERM | |
| Topical Term | SHORT STORY |
| 942 ## - ADDED ENTRY ELEMENTS (KOHA) | |
| Koha item type | Books |
No items available.